| 000 | 01014cam a2200325 i 4500 | ||
|---|---|---|---|
| 003 | EG-GICUC | ||
| 005 | 20260407121748.0 | ||
| 008 | 991206s1999 enk frb 001 0 eng d | ||
| 020 | _a0421561300 | ||
| 020 | _a9780421561304 | ||
| 040 |
_aDLC _cDLC _dDLC _dEG-GICUC _beng _erda |
||
| 050 | 0 | 0 |
_aK2400 _b.R43 1999 |
| 082 | 0 | 0 |
_a347.224 _221 |
| 092 | 0 | 4 | _221 |
| 099 | _aLaw 12 1999 | ||
| 100 | 1 | _aRedfern, Alan. | |
| 245 | 1 | 0 |
_aLaw and practice of international commercial arbitration / _cby Alan Redfern, Martin Hunter. |
| 250 | _a3rd edition. | ||
| 264 |
_aLondon : _bSweet & Maxwell, _c1999. |
||
| 300 |
_ali, 664 pages ; _c26 cm. |
||
| 336 |
_atext _2rdacontent |
||
| 337 |
_aComputer _2rdamedia |
||
| 338 |
_aOnline Resource _2rdacarrier |
||
| 504 | _aIncludes bibliographical references and index. | ||
| 650 | 0 | _aInternational commercial arbitration. | |
| 700 | 1 | _aHunter, Martin. | |
| 856 | 4 | 0 | _uhttps://fll.law.cu.edu.eg/fulltext/bks/ENGB12-00105.pdf |
| 905 | _a10 | ||
| 942 |
_2ddc _cBK _e21 _n0 |
||
| 999 |
_c69387 _d69387 |
||